000 00823nam a2200217 a 4500
008 101115s2005 ||||||||||||||||| || u
020 _a0273693786
050 _aTS 158 Loc
100 _aLockyer, Keith
245 1 0 _aProject management and project network techniques. -- 7th ed.
_cKeith Lockyer, James Gordon
250 _a7th ed.
260 _aHarlow, Essex:
_bPearson
_c2005
300 _axii, 257p.: ill
350 _a0.00
500 _a7th ed. of Critical path analysis and other project network techniques.
650 _aPRODUCTION
650 0 _aPROJECT MANAGEMENT
650 _aCRITICAL PATH ANALYSIS
700 _aGordon, James, 1927-
995 _D0.00
_FCBU-MAIN LIBRARY (Kitwe)
_H1
_I0.00
_M1
_UAVAILABLE
_WDec 7, 2010
_ZMain Library Open Access Collection
999 _c55044
_d55044